Statistiques concernant Le Dormeur du val

Cliquez ici pour prendre le quiz!

Statistiques générales

  • Ce quiz a été pris 51 fois
    (50 depuis la dernière actualisation)
  • Le résultat moyen est 8 sur 14

Statistiques - réponses

Mot manquant% Correct
C'est un trou deverdureoù chante une rivière
94%
Tranquille. Il a deuxtrousrouges au côté droit.
86%
Il dort dans le soleil, lamainsur sa poitrine
75%
Accrochant follement auxherbesdes haillons
67%
Dort ; il est étendudansl'herbe sous la nue,
56%
Luit : c'est un petitvalqui mousse de rayons.
56%
D'argent ; où lesoleil, de la montagne fière,
53%
Un soldat jeune,boucheouverte, tête nue,
50%
Les parfums ne font pasfrissonnersa narine ;
50%
Nature, berce-lechaudement: il a froid.
44%
Et la nuquebaignantdans le frais cresson bleu,
36%
Pâle dans son litvertoù la lumière pleut.
36%
Sourirait un enfantmalade, il fait un somme :
33%
Les pieds dans lesglaïeuls, il dort. Souriant comme
25%

Distribution des résultats

Percentile par nombre de réponses

% des personnes avec chaque résultat

Votre développement - résultats

Vous n’avez pas pris ce quiz depuis la dernière actualisation